000 00315nam a2200133Ia 4500
100 _aTheraja/B.L./ SEDHA
942 _cBK
366 _f10
245 _aPRINCIPLES OF ELECTRONICS DEVICES & CIRCUITS
260 _bS.Chand & Co.
_aNew Delhi
_c2008
082 _a621.3815/THE/SED
300 _a592
546 _aENGLISH
999 _c35141
_d35141